000 003820000a22001690004500
020 _a84-414-1182-4
082 0 4 _aB C64u
110 1 _aCoccinella
245 1 0 _aEl furgón de correos / Coccinella
260 _aMadrid : Edaf
300 _a[16P.]
440 0 _aCol. Sobre ruedas
500 _aTexto de pasta dura
650 1 4 _aLiteratura Infantil
001 1104
942 _cLGB
999 _c48280
_d48280